Catàleg d'activitats : banc de recursos i activitats artístiques produïdes per grups i entitats de caràcter no professional, a disposició dels ajuntaments : maig 2009 banc de recursos i activitats artístiques produïdes per grups i entitats de caràcter no professional, a disposició dels ajuntaments :
Descripción Física:
86 p. : quadres ; 29 cm
Materias:
Gestió cultural -- Barcelona (Província)
MARC
| LEADER | 00000nam a2200000Ia 4500 | ||
|---|---|---|---|
| 001 | 21915 | ||
| 008 | 160829s2009 xx 000 0 cat d | ||
| 080 | |a B-2-195 | ||
| 245 | |a Catàleg d'activitats : |b banc de recursos i activitats artístiques produïdes per grups i entitats de caràcter no professional, a disposició dels ajuntaments : |b maig 2009 | ||
| 260 | |a Barcelona : |b Diputació de Barcelona. Àrea de Cultura, |c 2009 | ||
| 300 | |a 86 p. : |b quadres ; |c 29 cm | ||
| 650 | 0 | |a Gestió cultural |z Barcelona (Província) |9 31473 | |
| 710 | 1 | |a Barcelona (Catalunya : Província). |b Àrea de Cultura |9 53536 | |
| 901 | |a Arxiu | ||
| 942 | |n 1 | ||
| 952 | |0 0 |1 0 |4 0 |6 B2195 |7 1 |9 53028 |a Arxiu |b Arxiu |d 2016-12-01 |l 0 |o B-2-195 |p 21915 |r 2016-12-01 00:00:00 |w 2016-12-01 |y ARXIU | ||
| 999 | |c 56877 |d 56877 | ||